| 000 | 02201nam a22002537a 4500 | ||
|---|---|---|---|
| 005 | 20260224112556.0 | ||
| 008 | 260210b |||||||| |||| 00| 0 eng d | ||
| 020 | _a9789363863972 | ||
| 040 | _cAIMIT LIBRARY | ||
| 082 |
_21 _a004.691 _bSASH |
||
| 100 |
_aS, Asharaf. _9254304 |
||
| 245 |
_aAdvanced blockchain technologies : _bcomprehensive textbook on ethereum smart contracts to decentralised application / _cBy Asharaf S,...[et.al]. |
||
| 250 | _a1st | ||
| 260 |
_aNew Delhi : _bWiley , _c2025. |
||
| 300 |
_axiv,406p. ; _bPB _c24.5 cm |
||
| 500 | _aIt is a comprehensive guide designed to educate readers on Ethereum, a groundbreaking blockchain platform introduced through Vitalik Buterin's influential whitepaper. This sequel to the successful "Blockchain Technology: Algorithms and Applications" delves into Ethereum's innovative incorporation of programmability, which extends blockchain's capabilities beyond mere financial transactions to include Decentralised Applications (DApps). The book meticulously covers foundational concepts, starting with Ethereum's evolution from Proof of Work to Proof of Stake, and includes exercises for readers to reinforce their understanding. It explores Ethereum's architecture, including the Ethereum Virtual Machine, Gas, ether (ETH), and transaction lifecycle, while emphasising smart contracts and their unique applications. Essential tools for users and developers are detailed, alongside extensive coverage of Solidity, the programming language for smart contracts. Later chapters guide readers through token standards, network interactions, and the process of building DApps. Advanced topics such as smart contract upgrades, DAO, oracles, and Ethereum's major updates are also discussed. This book is crafted to be a reliable reference, keeping pace with technological advancements, and is poised to be embraced by readers with enthusiasm. | ||
| 650 |
_aBasics of ethereum _9254305 |
||
| 650 |
_aInteracting with ethereum network _9254306 |
||
| 650 |
_aUpgrades in ethereum _9254307 |
||
| 700 |
_aNeelima, Sivadas. _9254308 |
||
| 700 |
_aAbraham, Sumi Maria. _9254309 |
||
| 700 |
_aS, Adarsh. _9254310 |
||
| 942 |
_2ddc _cBK _e1st _k004.691 SASH |
||
| 999 |
_c240871 _d240871 |
||